The Bugle Calls: (Record no. 183603)

MARC details
000 -LEADER
fixed length control field 00670nam a22001937a 4500
005 - DATE AND TIME OF LATEST TRANSACTION
control field 20211229151705.0
010 ## - LCCN (DPL NO)
LC control number ENG-130753
020 ## - INTERNATIONAL STANDARD BOOK NUMBER
International Standard Book Number 978-93-887-544-84
Terms of availability 599.00
035 ## - SYSTEM CONTROL NUMBER
System control number EN-114285
037 ## - SOURCE OF ACQUISITION
Source of stock number/acquisition DBAD
082 ## - DEWEY DECIMAL CLASSIFICATION NUMBER
Classification number 355.0092
100 ## - MAIN ENTRY--PERSONAL NAME
Personal name Rastogi, Naresh
245 ## - TITLE STATEMENT
Title The Bugle Calls:
Statement of responsibility, etc Naresh Rastogi, Kiran Doshi
Remainder of title A life in the Indian Army/
260 ## - PUBLICATION, DISTRIBUTION, ETC. (IMPRINT)
Place of publication, distribution, etc Chennai
Name of publisher, distributor, etc Westland Publications Private Limited
Date of publication, distribution, etc 2019
270 ## - ADDRESS
Address 1st Floor, A Block, East Wing, Plot No. 40, SP Info City, Dr. MGR Salai, Perungudi, Kandanchavadi
City Chennai
Postal code 600096
300 ## - PHYSICAL DESCRIPTION
Extent 272p
Dimensions 21cm(pbk)
700 ## - ADDED ENTRY--PERSONAL NAME
Personal name Doshi, Kiran
942 ## - ADDED ENTRY ELEMENTS (KOHA)
Source of classification or shelving scheme Dewey Decimal Classification
Item type English Books
Classification part 355.0092
Call number suffix RAS
Holdings
Withdrawn status Lost status Not for loan Collection code Home library Current library Date acquired Source of acquisition Cost, normal purchase price Full call number Barcode Copy number Cost, replacement price Koha item type
      Non-fiction Mobile Library Mobile Library 29/12/2021 DBAD/PUB 599.00 355.0092 RAS EN-114285 1 599.00 English Books

© Delhi Public Library
Hit Counter
free hit counter